000 00572nam a2200217Ia 4500
003 OSt
005 20220928144605.0
006 a|||||r|||| 00| 0
007 ta
008 220927b |||||||| |||| 00| 0 eng d
024 _a72302
037 _cTextual
040 _aSDCL
_cSDCL
_beng
041 _2eng
_aeng
082 _aX9:8.420r3'N9, N9
100 _aDanford Anoy
_9508587
245 0 _aJapanese management techniques and British workers.
260 _c1999
942 _hX9:8.420r3'N9, N9
_cTEXL
_2CC
999 _c828358
_d828358